| 000 | 00977nam a22003137a 4500 | ||
|---|---|---|---|
| 003 | CHAP | ||
| 005 | 20220329140642.0 | ||
| 008 | 971013s1976 r 00010 d | ||
| 010 | _a55391 | ||
| 011 | _a56363 | ||
| 035 | _a60516 | ||
| 040 | _cCHAP | ||
| 090 | _aFolleto 2894 | ||
| 100 | 0 | 0 |
_aSayn-Wittgenstein, L. _9102831 |
| 245 |
_aEnvironmental monitory _b: the role of remote sensing |
||
| 260 |
_aOttawa : _bForest Management Institute, _c1976 |
||
| 300 |
_as.p. _b: ilus. ; mapas |
||
| 590 |
_aBATCH-UPD _b10 _c20130110 _lUCH01 _h0509 |
||
| 590 |
_aBATCH-UPD _b10 _c20130110 _lUCH01 _h2150 |
||
| 590 |
_aBATCH-UPD _b10 _c20130410 _lUCH01 _h0147 |
||
| 590 |
_aBATCH-UPD _b10 _c20130914 _lUCH01 _h1433 |
||
| 590 |
_aCONVERSION _b10 _c20130109 _lUCH01 _h1330 |
||
| 650 | 1 | 4 |
_aFotografía aérea. _942714 |
| 650 | 1 | 4 |
_aSensores remotos. _9104427 |
| 700 | 0 |
_aAldred, A. H. _93712 |
|
| 901 | _aBK | ||
| 942 | _cFOLL | ||
| 949 |
_aFolleto 2894 _bBC _cFOLL _d-130405 _eTS1 _i60516 _mD _si |
||
| 999 |
_c55391 _d55391 |
||